Catálogo

Sobre la existencia de Dios / (Registro nro. 41591)

Detalles MARC
000 -LEADER
fixed length control field 01097cam a2200325 i 4500
001 - CONTROL NUMBER
control field 41591
003 - CONTROL NUMBER IDENTIFIER
control field Mx-PuUPA
005 - DATE AND TIME OF LATEST TRANSACTION
control field 20250603103651.0
008 - FIXED-LENGTH DATA ELEMENTS--GENERAL INFORMATION
fixed length control field 140415s1979 sp gr 000 0 spa d
017 ## - COPYRIGHT OR LEGAL DEPOSIT NUMBER
Copyright or legal deposit number M. 30198-1979
020 ## - INTERNATIONAL STANDARD BOOK NUMBER
International Standard Book Number 8432119962
Qualifying information rústica
040 ## - CATALOGING SOURCE
Original cataloging agency Mx-PuUPA
Language of cataloging spa
Transcribing agency Mx-PuUPA
Modifying agency Mx-PuUPA
Description conventions rda
041 1# - LANGUAGE CODE
Language code of text/sound track or separate title spa
Language code of original ger
100 1# - MAIN ENTRY--PERSONAL NAME
Personal name Brentano, Franz, 1838-1917
Relator term autor
9 (RLIN) 156
240 10 - UNIFORM TITLE
Uniform title Vom dasein Gottes.
Language of a work Español
245 10 - TITLE STATEMENT
Title Sobre la existencia de Dios /
Statement of responsibility, etc. Franz Brentano ; traducción y prólogo de A. Millan-Puelles
264 #1 - PRODUCTION, PUBLICATION, DISTRIBUTION, MANUFACTURE, AND COPYRIGHT NOTICE
Place of production, publication, distribution, manufacture Madrid :
Name of producer, publisher, distributor, manufacturer Ediciones RIALP,
Date of production, publication, distribution, manufacture, or copyright notice ©1979
300 ## - PHYSICAL DESCRIPTION
Extent 474 páginas ;
Dimensions 24 cm
336 ## - CONTENT TYPE
Fuente rdacontent
Content type term texto
Content type code txt
337 ## - MEDIA TYPE
Source rdamedia
Media type term sin medio
Media type code n
338 ## - CARRIER TYPE
Source rdacarrier
Carrier type term volumen
Carrier type code nc
650 #7 - SUBJECT ADDED ENTRY--TOPICAL TERM
Source of heading or term armarc
Topical term or geographic name entry element Existencia de Dios - A prueba de
650 #7 - SUBJECT ADDED ENTRY--TOPICAL TERM
Source of heading or term armarc
Topical term or geographic name entry element Teología natural
650 #7 - SUBJECT ADDED ENTRY--TOPICAL TERM
Source of heading or term armarc
Topical term or geographic name entry element Dios
700 0# - ADDED ENTRY--PERSONAL NAME
Personal name Millan-Puelles, A.,
Relator term traductor
-- prologuista
765 0# - ORIGINAL LANGUAGE ENTRY
Main entry heading Bretano, Franz,
Title Vom dasein Gottes.
942 ## - ADDED ENTRY ELEMENTS (KOHA)
Source of classification or shelving scheme Dewey Decimal Classification
Koha item type Libro
Classification part 212.1
Item part B8218
Existencias
Withdrawn status Lost status Source of classification or shelving scheme Damaged status Not for loan Collection code Home library Current library Shelving location Date acquired Source of acquisition Total Checkouts Full call number Barcode Date last seen Price effective from Koha item type
    Dewey Decimal Classification     General Centro de Estudios en Ciencia y Religión Centro de Estudios en Ciencia y Religión Sala general 03/12/2013   212.1 B8218 1979 62730 05/01/2026 03/12/2013 Libro